000 00715nam a2200241Ia 4500
005 20260430150717.0
008 008 250103s9999 xx 000 0 eng d
037 _aTheses
040 _aCRL
040 _beng
040 _ceng
041 _2eng
041 _aeng
084 _qCRL
100 _aMehra Aashima Au.; Sudeshna Mazumdar-Leighton Gu.
_91238267
245 0 _aInteractions of Millettia Pinnata (L.) Panigrahi With Two Novel Gracillariid Leaf Miners:Ecological and Molecular Perspectives in Herbivory
260 _c2024
300 _a412p.
650 _aBotany
700 _aUniversity of Delhi. Faculty of Science. Deptt. of Botany
_91237477
942 _cTH
999 _c1850438
_d1850438